000 00953nam a22002537a 4500
005 20240911111641.0
010 _aBAC-EN21 ENG-111714
020 _a9788124603734
_c220.00
020 _a8124603731
_c220.00
035 _aEN-95246
035 _aB-592181-199
037 _bUBH/Ven
_adpl
037 _bDBAD/PUB
082 _a934
100 _aJain, V.K.
_971457
245 _aPrehistory and protohistory of India :
_ban appraisal-- palaeolithic, non-Harappan, chalcolithic cultures /
_cby V.K. Jain
260 _aNew Delhi
_bD.K. Printworld
_c2014
270 _aF-395, Sudarshan Park, (Metro Station Ramesh Nagar)
_bNew Delhi
_e110015
300 _axvii, 213p.
_c23cm(pbk)
490 _aPerspectives in Indian art & archaeology, no. 7
500 _aIncludes bibliographical references and index
942 _2ddc
_cEN
_h934
_mJAI
999 _c89250
_d89250